000 00963nam a22002531c 4500
001 a987673928
008 150625s1975 gw |||| 000u ger d
020 _a3525333854
_93-525-33385-4
041 _ager
245 0 0 _aLiberalismus und imperialistischer Staat :
_bder Imperialismus als Problem liberaler Parteien in Deutschland 1890 - 1914 /
_chrsg. von Karl Holl ... Mit Beitr. von Lothar Albertin ..
264 _aGöttingen :
_bVandenhoeck & Ruprecht,
_c1975
300 _a176 S. : 19 cm
336 _aText
_btxt
_2rdacontent
337 _aComputermedien
_bc
_2rdamedia
338 _aOnline-Ressource
_bcr
_2rdacarrier
500 _aOnline Ressource, frei zugänglich
700 1 _aHoll, Karl
_eHerausgeberIn
700 1 _aAlbertin, Lothar
_eMitarbeiterIn
856 4 _uhttp://nbn-resolving.de/urn/resolver.pl?urn=urn:nbn:de:bvb:12-bsb00048165-8
942 _cEB
040 _cRU-10907106
003 RU-10907106
999 _c37120
_d37120
490 0 _aKleine Vandenhoeck-Reihe
_v1415